00871nam a2200205 a 450000100100000000500170001000800410002702000150006804000250008308200150010810000320012324501750015526000720033030000360040249000250043850000740046356300620053770000410059983000250064000004188920201002035819.0131021s2005 sp ac 000 0 spa d a8400083695 aDO-SdBNPbspacBNPHU axxxbL126t1 aLabrador Ben, Julia María10aTeatro frívolo ;bTeatro selecto ; la producción teatral de Editorial Cisne, Barcelona (1935-1943) /cJulia María Labrador Ben, Alberto Sánchez Álvarez-Insúa. aMadrid :bConsejo Superior de Investigaciones Científicas,c2005. a284 p. :bil., retrs. ;c22 cm.1 aLiteratura brevev14 aIncluye referencias bibliográficas y notas al pie de las páginas. aDos obras encuadernadas juntas con paginación continua.12aÁlvarez-Insúa, Alberto Sánchez 0aLiteratura breven14